| 000 | 00491nam a2200181 4500 | ||
|---|---|---|---|
| 001 | 126520 | ||
| 003 | ES-MaACL | ||
| 005 | 20241115063035.0 | ||
| 007 | t| | ||
| 008 | 070214s1972 sp r ||||1| spa d | ||
| 100 | 1 |
_aRepollés, José _9239299 |
|
| 245 | 1 | 3 |
_aLa Aeronáutica / _cJosé Repollés. |
| 250 | _a1ª ed. | ||
| 260 |
_aBarcelona [etc.] : _bBruguera, _c1972. |
||
| 300 |
_a222 p. ; _c18 cm. |
||
| 852 |
_aES-MaACL _jC-44381 _bR.81631 |
||
| 999 |
_c126520 _d126520 |
||